000 00557nam a2200169Ia 4500
003 SGT
020 _a9788120320949
082 _a5.265
_bPET
100 _aAbel,Peter
245 _aIBM Pc assembly language and programming
250 _a5th Ed.
260 _bPHI Learning Private Limited
_aNew Delhi
_c2001
300 _a545p.
650 _aCOMPUTER SCIENCE
653 _aFUNDAMENTALS OF PC HARDWARE AND SOFTWARE,FUNDAMENTALS OF ASSEMBLY LANGUAGE ,VIDEO AND KEYBOARD OPERATIONS,DATA MANIPULATION,ADVANCED INPUT/OUTPUT,SPECIAL TOPICS
942 _2ddc
_cBK
_01
999 _c5092
_d5092